LEADER 01199nam a2200289 a 4500 001 000000131689 003 CaOOAMICUS 005 20121127111904.0 008 121127s2001 it u000 u ita r 020 $a88-315-2119-5 040 $aPUL$bita 100 1 $aClimati, Carlo.$0(OLS)http://pul/name/84763 245 12$aI giovani e l'esoterismo :$bmagia, satanismo e occultismo: l'inganno del fuoco che non brucia /$cCarlo Climati. 260 $aMilano :$bPaoline,$c2001. 300 $a231 p. ;$c22 cm. 490 1 $aSaggistica Paoline ;$v04 504 $aBibliografia p. 221-231. 650 4$aEsoterismo.$0(OLS)http://pul/subject/22418 830 0$aSaggistica Paoline ;$v04.$0(OLS)http://pul/title/77991 850 $aPUL 852 $aPUL$W1$xDP1 Fondo E. Rossi$y115$m1 C 75$j151857$qFondi$B150916$CPULBib$Z2$F150916 $82 941 1 $a1 961 $aSul dorso collocazione ms. di E. Rossi: C 54 0 996 $6020$a88-315-2119-5$9(OLS)http://pul/number/151191 996 $6245$aI giovani e l'esoterismo :$bmagia, satanismo e occultismo: l'inganno del fuoco che non brucia$9(OLS)http://pul/title/166383 996 $6260$aMilano :$bPaoline$9(OLS)http://pul/publisher/60808 LEADER 01450nam a2200337 a 4500 001 000000062528 003 CaOOAMICUS 005 20100526103442.0 008 011002s1954 fr u000 u fre r 035 $a10904947 040 $aPUL(R)$bita 245 02$aL'amour du prochain /$c[introduzione di] A. Plé. 260 $aParis :$bEd. du Cerf,$c1954. 300 $a404 p. ;$c18 cm 490 1 $aCahiers de la vie spirituelle 500 $aContiene indici. 504 $aBibliografia in nota. 650 4$aTeologia dogmatica.$0(OLS)http://pul/subject/663 650 4$aVirtů teologali.$0(OLS)http://pul/subject/12274 650 4$aAmore (teologia).$0(OLS)http://pul/subject/20975 700 1 $aPlč, Albert,$cO.P.$0(OLS)http://pul/name/9306 830 0$aCahiers de la vie spirituelle.$0(OLS)http://pul/title/83423 850 $aPUL 852 $aPUL$W1$xSL Religione 1$y3$m67 A 31$j81283$nBK-PRI$b $qStampati$B81283$CPULBib$Z2$F81283 $H $81 852 $aPUL$W1$xDP1 Fondo Pastorale$y55$mP9 E 19$j81284$nBK-PRI$b $qFondi$B81284$CPULBib$Z2$F81284 $HPUL649 $81 852 $aPUL$W1$xDP1 Religione 1$y20$m555 L 13$j140040$a3. copia$qStampati$B139220$CPULBib$Z2$F139220 $82 941 1 $a8 941 1 $a1 961 $aINV: 49282 996 $6245$aL'amour du prochain$9(OLS)http://pul/title/83422 996 $6260$aParis :$bEd. du Cerf$9(OLS)http://pul/publisher/54614